| 000 | 00850nam a22002177a 4500 | ||
|---|---|---|---|
| 999 |
_c9098 _d9098 |
||
| 003 | AR-CdUCM | ||
| 008 | 190327b ||||| |||| 00| 0 spa d | ||
| 040 |
_aMUNICIPALIDAD PROVINCIAL DEL CUSCO _cBIBLIOTECA MUNICIPAL DEL CUSCO |
||
| 082 |
_a001.4 / _bT31 |
||
| 110 |
_aINIDE _925097 |
||
| 245 |
_aTécnicas auxiliares de estudio: el fichaje : _bIntroducción a la investigación científica / |
||
| 260 |
_aLima : _bInstituto Nacional de Investigación y Desarrollo de la Educación, _c1974. |
||
| 300 |
_a97 páginas ; _bcuadros, _c21 cm. |
||
| 505 | _aContenido: Fichas de registro -- Fichas de estudio o investigación. | ||
| 650 |
_aInvestigación _91940 |
||
| 650 |
_aFichas de investigación _925098 |
||
| 650 |
_aInvestigación científica _99735 |
||
| 710 |
_aMinisterio de Educación (perú) _925099 |
||
| 942 |
_2ddc _cLIBROS |
||
| 945 | _aachl | ||